Propiedades de la roca y los fluidos en reservorios de petróleo /
Guardado en:
| Autor Principal: | |
|---|---|
| Formato: | Libro |
| Idioma: | Spanish |
| Publicado: |
Buenos Aires :
Editorial Universitaria de Buenos Aires (EUDEBA,
c2001.
|
| Series: | Manuales
|
| Materias: | |
| Acceso en línea: | Comentario de tapa |
| Etiquetas: |
Agregar Etiqueta
Sin Etiquetas, Sea el primero en etiquetar este registro!
|
| LEADER | 00917nam a22002295a 4500 | ||
|---|---|---|---|
| 001 | EIQ.libpla000315 | ||
| 008 | 051206s2001####ag#a#####b####000#0#spa#d | ||
| 005 | 20070906154531.0 | ||
| 245 | 1 | 0 | |a Propiedades de la roca y los fluidos en reservorios de petróleo / |c Mirtha Susana Bidner. |
| 260 | |a Buenos Aires : |b Editorial Universitaria de Buenos Aires (EUDEBA, |c c2001. | ||
| 300 | |a 242 p. : |b il. ; |c 24 cm. | ||
| 440 | 0 | |a Manuales | |
| 504 | |a Incluye referencias bibliográficas: (p. 185-187). | ||
| 020 | |a 9502311507 | ||
| 100 | 1 | |a Bidner, Mirtha Susana. | |
| 650 | 4 | |a Hidrocarburos |x Depósitos | |
| 650 | 4 | |a Termodinámica |x Hidrocarburos. | |
| 650 | 4 | |a Thermodynamics |x Hydrocarbon. | |
| 650 | 4 | |a Hydrocarbon |x Reservoirs. | |
| 040 | |a AR-BbSID |b spa |c AR-BbSID | ||
| 856 | |u http://www.eudeba.com.ar/webcatalogo/Titulo.asp?id=1280 |y Comentario de tapa |z Acceso público | ||
| 859 | |a AR-BbSID |b BIB. PLAPIQUI |h 622.3382 |i B 474 |p 5818 | ||
